000 01709cam a2200469 a 4500
001 22710
003 SK-KTurca
005 20260421144958.0
008 240226s1986 xo gr 000 j slo
015 _aSNBA1987/01
020 _q(viazané)
035 _aSNK000025968
040 _aSNK
_bslo
_cSNK
_eAACR2
041 1 _aslo
_hfre
044 _axo
_cSK
072 7 _a821.133.1-3
_xFrancúzska próza, francúzsky písaná
_2konspekt
080 _a821.133.1-3
_22011
080 _a316.3(0:82-31) - formálny znak
_22011
100 1 _aMaupassant, Guy de,
_d1850-1893
_4aut
245 1 0 _aPríbeh jedného života ; Miláčik ; Mont-Oriol
_cGuy de Maupassant ; preložili Miroslava Bártová, Štefan Horváth, Eva Piecková
250 _a1. vyd.
260 _aBratislava
_bTatran
_c1986
_eMartin
_fTlačiarne SNP
300 _a664 s.
_c21 cm
366 _e18500 výtl.
490 1 _aZlatý fond svetovej literatúry. Guy de Maupassant I.
_vZv. 78
500 _aObsahuje 3 diela
500 _aPreložené z francúzštiny
655 7 _afrancúzske prózy
_2SNKPH
655 7 _aspoločenské romány
_2SNKPH
655 7 _aFrench prose
_2SNKPHeng
655 7 _aSociety novels
_2SNKPHeng
700 1 _aBártová, Miroslava,
_d1917-2002
_4trl
700 1 _aHorváth, Štefan,
_d1920-1986
_4trl
700 1 _aPiecková, Eva
_4trl
700 1 2 _aMaupassant, Guy de,
_d1850-1893
_tOeuvres complétes
_lSlovensky
700 1 2 _aMaupassant, Guy de,
_d1850-1893
_tUne vie, Bel - Ami
_lSlovensky
700 1 2 _aMaupassant, Guy de,
_d1850-1893
_tMont-Oriol
_lSlovensky
740 0 2 _aMiláčik
740 0 2 _aMont-Oriol
830 0 _aZlatý fond svetovej literatúry
_pGuy de Maupassant I.
942 _2ddc
_cKLDO
_n0
999 _c22710
_d22710